La ayuda mutua en la construcción de viviendas en Costa Rica. Experiencias y perspectivas /

Zapisane w:
Opis bibliograficzny
1. autor: Camacho Nassar, Carlos
Kolejni autorzy: Cordero Sepúlveda, Gloria, Porras Ramírez, Carlos Iván
Format: Texto
Wydane: San José: Presidencia de la República. Oficina de Información
Etykiety: Dodaj etykietę
Nie ma etykietki, Dołącz pierwszą etykiete!

MARC

LEADER 00000 a a2200000 04500
001 14966
003
040
090 |a 026200  
100 |a Camacho Nassar, Carlos  
245 |a La ayuda mutua en la construcción de viviendas en Costa Rica. Experiencias y perspectivas /  |c Carlos Camacho Nassar 
260 |a San José:   |b Presidencia de la República. Oficina de Información  
300 |a 3; 163 p.  
700 |a Cordero Sepúlveda, Gloria  
700 |a Porras Ramírez, Carlos Iván  
999 |c 5114  |d 5114